| 000 | 00607nam a2200229Ia 4500 | ||
|---|---|---|---|
| 008 | 180523s9999 xx 000 0 und d | ||
| 020 | _a0-02-344720-6 | ||
| 050 | _aMAIN RM 300 | ||
| 050 | _b.G66 1980 | ||
| 245 | 0 | _aGoodman and Gilman's the pharmacological basis of therapeutics / | |
| 245 | 0 | _cAlfred Goodman Gilman. | |
| 250 | _a6th Edition | ||
| 260 | _aNew York : | ||
| 260 | _bMacMillan Pub. Co., Inc., | ||
| 260 | _c1980 | ||
| 300 | _a1843 pages : | ||
| 300 | _c26 cm. | ||
| 500 | _aIncludes index. | ||
| 650 | _aDrug therapy. | ||
| 650 | _aPhramacology. | ||
| 650 | _xChemotherapy. | ||
| 999 |
_c357666 _d357666 |
||